Szczegóły MARC21

W cieniu trzech katedr : (z dziejów konserwacji zabytków sakralnych w Polsce północno-zachodniej) /

003 -Nazwa inst., której nr kontr. jest w polu 001 [,]
    • @
    • Nazwa instytucji, której n kontrolny jest w polu 001
    • NUKAT
005 -DATA I CZAS OSTATNIEJ MODYFIKACJI [,]
    • @
    • pole kontrolne
    • 20241231112642.0
020 -Międzynarod. znormalizowany nr książki - ISBN [ , ]
    • a
    • Numer ISBN
    • 8386992492 Find
040 -Instytucja sporządzająca opis [ , ]
    • a
    • Instytucja, która sporządziła opis (NP)
    • NUKAT
    • c
    • Instytucja, która sporządziła rekord (NP)
    • WA U/ED
    • d
    • Instytucja, która zmodyfikowała rekord (P)
    • WA U/PE
    • d
    • Instytucja, która zmodyfikowała rekord (P)
    • WA U/IG
942 -Rodzaj dokumentu [ , ]
    • c
    • Rodzaj dokumentu
    • Książka
100 -Hasło główne - nazwa osobowa [1, ]
    • a
    • Nazwa osobowa (NP)
    • Kostynowicz, Roman
    • d
    • Daty biograficzne (NP)
    • (1921-2008).
    • 9
    • KHW
    • 47137
245 -Strefa tytułu i oznaczenia odpowiedzialności [1,0]
    • a
    • Tytuł
    • W cieniu trzech katedr : Find
    • b
    • Ciąg dalszy tytułu (NP)
    • (z dziejów konserwacji zabytków sakralnych w Polsce północno-zachodniej) / Find
    • c
    • Pozostałe elementy strefy tytułu i oznaczenia odpowiedzialności (NP)
    • Roman Kostynowicz.
260 -Strefa adresu wydawniczego [ , ]
    • a
    • Miejsce wydania (P)
    • Szczecin :
    • b
    • Nazwa wydawcy (P)
    • Stowarzyszenie Konserwatorów Zabytków. Oddział w Szczecinie :
    • b
    • Nazwa wydawcy (P)
    • Wydaw. AP "Dokument",
    • c
    • Data wydania (P)
    • 1999.
300 -Strefa opisu fizycznego [ , ]
    • a
    • Określenie formy książki i/lub objętość (NP)
    • VIII, 270 s., [8] s. tabl. :
    • b
    • Oznaczenie ilustracji (NP)
    • il. ;
    • c
    • Format (NP)
    • 25 cm.
336 -Typ zawartości [ , ]
    • a
    • Termin opisujący typ zawartości
    • Tekst
    • b
    • Kod określający zawartość
    • txt
    • 2
    • Źródło (terminu i kodu)
    • rdacontent
337 -Typ mediów [ , ]
    • a
    • Tryb odtwarzania
    • Bez urządzenia pośredniczącego
    • b
    • Kod typu mediów
    • n
    • 2
    • Źródło (terminu i kodu)
    • rdamedia
338 -Typ/rodzaj nośnika [ , ]
    • a
    • Hasło opisujące typ nośnika
    • Wolumin
    • b
    • Kod typu nośnika
    • nc
    • 2
    • Źródło (terminu i kodu)
    • rdacarrier
080 -Uniwersalna Klasyfikacja Dziesiętna [ , ]
    • a
    • Symbol klasyfikacji
    • 246(438-16)"1945/..."
080 -Uniwersalna Klasyfikacja Dziesiętna [ , ]
    • a
    • Symbol klasyfikacji
    • :726(438-16)"1945/..."
080 -Uniwersalna Klasyfikacja Dziesiętna [ , ]
    • a
    • Symbol klasyfikacji
    • :72.025(438-16)"1945/..."
650 -Hasło przedmiotowe [ ,7]
    • a
    • Hasło przedmiotowe
    • Architektura sakralna
    • x
    • Określnik rzeczowy
    • konserwacja i restauracja
    • z
    • Określnik geograficzny
    • Pomorze (region).
    • 2
    • Źródło terminu
    • kaba
    • 9
    • KHW
    • 609570
650 -Hasło przedmiotowe [ ,7]
    • a
    • Hasło przedmiotowe
    • Katedra Wniebowzięcia Najświętszej Maryi Panny (Gorzów Wielkopolski, Polska).
    • 2
    • Źródło terminu
    • kaba
    • 9
    • KHW
    • 150364
650 -Hasło przedmiotowe [ ,7]
    • a
    • Hasło przedmiotowe
    • Katedra św. Jana Chrzciciela (Kamień Pomorski, Polska).
    • 2
    • Źródło terminu
    • kaba
    • 9
    • KHW
    • 142448
650 -Hasło przedmiotowe [ ,7]
    • a
    • Hasło przedmiotowe
    • Bazylika Katedralna św. Jakuba Apostoła (Szczecin, Polska).
    • 2
    • Źródło terminu
    • kaba
    • 9
    • KHW
    • 173904
980 -Symbol UKD [ , ]
    • a
    • UKD
    • 246:726:72.025](438-16)"1945/..."
710 -Hasło dodatkowe - nazwa ciała zbiorowego [2, ]
    • a
    • Nazwa ciała zbiorowego lub nazwa geograficzna jako pierwszy element (NP)
    • Archiwum Państwowe (Szczecin).
    • b
    • Nazwa jednostki podrzędnej (P)
    • Wydawnictwo "Dokument".
    • 4
    • Kod relacji
    • pbl
    • 9
    • KHW
    • 82525
920 -ISBN [ , ]
    • a
    • ISBN
    • 83-86992-49-2 Find
Numer inwentarzowy Data inwentaryzacji Status udost. Sygnatura Lokalizacja
Z.984632002-01-242Z.98463BG
JK.2272002-11-221 BG
Z.995812002-11-221Z.98463BG
Z.1046882005-06-211Z.104688BG
H.142002006-03-091 BNS